20 Iconic Fictional Characters Quiz Stats

 Plays Quiz Updated Sep 22, 2015

Challenge
Share
Tweet
Score 0/20 Timer 08:00
0 Plays Today
% Correct
Sherlock Holmes
99%
Indiana Jones
95.9%
Mr. Spock
94.5%
Dr. Hannibal Lecter
91.6%
Buffy Summers
88.9%
Morticia Addams
84.6%
Norman Bates
73.4%
Clark Kent
73.3%
Det. David Starsky
70.3%
Carol Brady
69.3%
% Correct
Tonto
66%
Sarah Connor
65.7%
Maxwell Smart
59.9%
'Hawkeye' Pierce
58.4%
Jed Clampett
49%
Samantha Stephens
48.9%
Sgt. Joe Friday
34%
Dr. Richard Kimble
34%
Ralph Kramden
32.8%
Jim Phelps
15.8%

You're not logged in!

Compare scores with friends on all Sporcle quizzes.
OR
Log In

You Might Also Like...

Show Comments

Extras

Top Quizzes Today


Score Distribution

Your Account Isn't Verified!

In order to create a playlist on Sporcle, you need to verify the email address you used during registration. Go to your Sporcle Settings to finish the process.

Report this User

Report this user for behavior that violates our Community Guidelines.

Details: